El jardinero apasionado
Guardat en:
| Autor principal: | |
|---|---|
| Format: | Llibre |
| Idioma: | espanyol |
| Publicat: |
Madrid, España.
Gallo Nero,
2018
|
| Col·lecció: | Narrativas Gallo Nero,
|
| Matèries: | |
| Etiquetes: |
Afegir etiqueta
Sense etiquetes, Sigues el primer a etiquetar aquest registre!
|
MARC
| LEADER | 00000cam a2200000 a 4500 | ||
|---|---|---|---|
| 001 | UCB0001 | ||
| 003 | CL-VaPUC | ||
| 005 | 20220504145424.0 | ||
| 008 | 191206e201800000 spa d | ||
| 999 | |c 376266 |d 376264 | ||
| 020 | |a 9788416529483 | ||
| 040 | |c Pontificia Universidad Católica de Valparaíso | ||
| 082 | 0 | 4 | |a 193 BOR 2018 |2 21 |
| 100 | 1 | |a Borchard, Rudolf |e author |9 605315 | |
| 245 | 1 | 3 | |a El jardinero apasionado |
| 260 | |a Madrid, España. |b Gallo Nero, |c 2018 | ||
| 300 | |a 238 páginas | ||
| 440 | |a Narrativas Gallo Nero, |n 47 |9 860842 | ||
| 583 | |a last modification |c 20191206 10:52:00 |k Rodrigo Vera | ||
| 650 | 0 | 0 | |a Filosofía austriaca |2 CL-VaPUC |9 267034 |
| 650 | 0 | 0 | |a Conciencia |9 309452 |
| 650 | 0 | 0 | |a Naturaleza humana |9 308593 |
| 942 | |c BK |2 ddc | ||
| 945 | |a cmena |d 20191206 10:52:00 | ||
| 952 | |0 0 |1 0 |3 erb |4 0 |6 193_000000000000000_BOR_2018 |7 0 |8 A |9 495612 |a BIBAGR |b BIBAGR |d 2019-09-30 |e 2 |g 25948.00 |i 5562279 |o 193 BOR 2018 |p 5562279 |r 2025-01-20 |v 25948.00 |w 2020-01-06 |y BK |z Catalogado en:20191206 |k AGR | ||